Paroles - La vérité - Lomepal (feat. Orelsan) - Statistiques

Statistiques générales
  • Ce quiz a été pris 286 fois
    252 depuis la dernière actualisation
  • Le résultat moyen est 390 sur 499
Statistiques - réponses
Réponse % Correct
à
98%
a
98%
la
98%
La
98%
(la
98%
là,
98%
pas
98%
Que
98%
que
98%
vérité
98%
vérité)
98%
vérité,
98%
ce
97%
de
97%
De
97%
c'est
96%
C'est
96%
(c'est
96%
dis
96%
Dis
96%
(c'est
96%
Le
96%
le
96%
me
96%
un
96%
rien
95%
Rien
95%
bien
94%
est
94%
Est
94%
Et
94%
et
94%
ne
94%
qui
94%
voir
94%
pour
93%
Pour
93%
qu'il
93%
ça
92%
ton
92%
Ton
92%
Alors
91%
parce
91%
te
91%
être
90%
juste
90%
ta
90%
devenir
89%
mauvais
89%
(mauvais)
89%
tu
89%
Tu
89%
artiste
88%
beau
88%
méchant
88%
pote
88%
si
88%
Si
88%
main
87%
sac
87%
sympa
86%
frustré
84%
même
83%
s'acharne
83%
comme
82%
flatter
82%
les
82%
mène
82%
je
80%
t'as
80%
T'as
80%
vrai)
80%
vrai
80%
G
79%
Maintenant
79%
On
79%
on
79%
tes
79%
t'es
79%
T'es
79%
Tes
79%
fait
78%
Dès
77%
des
77%
important
77%
mon
77%
une
77%
con
75%
Mais
75%
mais
75%
album
74%
ni
74%
ou
74%
74%
potes,
74%
potes
74%
en
73%
personne
73%
blesser
72%
fais
72%
Fais
72%
monde
72%
Surtout
72%
va
72%
dans
71%
prêt
71%
déjà
70%
T'avais
70%
bon,
69%
dirait
69%
du
69%
j'ai
69%
raconte
69%
disais
68%
15
67%
n'était
67%
vu
67%
mère
66%
parles
66%
ventes
66%
Gucci
65%
laisse
65%
mal
65%
ai
64%
au
64%
bruit
64%
J'suis
64%
Non
64%
Non,
64%
(non)
64%
qu'elle
63%
séance
63%
Tout
63%
Trop
63%
vouloir
63%
écouter
62%
sais
62%
commencé
61%
d'égo ?
61%
détruis
61%
drôle
61%
Marre
61%
marre
61%
moi
61%
quand
61%
Seul
61%
derrière
60%
écran
60%
gens
60%
gentil
60%
sont
60%
forcer
59%
tenir
59%
d'inattendu
58%
d'original,
58%
jamais
58%
légende
58%
micro
58%
niveau
58%
party
58%
pénétrer
58%
Suffit
58%
toi
58%
vie
58%
conseils
57%
Pourquoi
57%
rêves
57%
blague
56%
bonnes
56%
bye
56%
chimio
56%
d'IRM
56%
J'en
56%
j'sais
56%
pourras
56%
chez
55%
hype
55%
racontes
55%
notes
54%
quoi
54%
règle
54%
autres
53%
confirme
53%
mêmes
53%
mythos
53%
compris
52%
l'aise
52%
l'exception
52%
rime
52%
t'entends
52%
d'être
51%
payer
51%
balles
50%
complètement
50%
expressions
50%
Rentre
50%
suceurs
50%
toujours
50%
50
49%
meuf
49%
N'écoutes
49%
escroc
48%
j'crois
48%
vis
48%
voyou
48%
foutu
47%
utilise
47%
n'importe
46%
t'inventes
46%
chier
45%
philo
45%
tamagotchi
45%
Ok,
44%
schtroumpf
44%
tentatives
44%
Normalement
43%
proche
43%
semblant
43%
compares
42%
Migos
42%
raconter
42%
ratés
42%
t'écouter
42%
vendre
42%
victimes
42%
fans
41%
putain
41%
t'arrivait
41%
tubes
41%
plagier,
40%
arrivederci
38%
nuls
38%
Aucun
37%
D'accord
37%
âme
36%
Arrête
36%
diable
35%
t'aurais
35%
chansons
34%
charisme
34%
masquer
34%
(adios)
32%
L'album
32%
plaindre
32%
clips
31%
d'amour
31%
label
31%
Fallait
26%
DV
23%
Aucun quiz correspondant
Distribution des résultats
% des personnes avec chaque résultat
Percentile par nombre de réponses
Votre historique - résultats
Vous n’avez pas pris ce quiz depuis la dernière actualisation